Electronic circuit analysis and design / (Include CD) (Record no. 175879)
[ view plain ]
| 000 -LEADER | |
|---|---|
| fixed length control field | 00955 a2200241 4500 |
| 003 - CONTROL NUMBER IDENTIFIER | |
| control field | Nust |
| 005 - DATE AND TIME OF LATEST TRANSACTION | |
| control field | 20221129184918.0 |
| 010 ## - LIBRARY OF CONGRESS CONTROL NUMBER | |
| LC control number | 00044787 |
| 020 ## - INTERNATIONAL STANDARD BOOK NUMBER | |
| International Standard Book Number | 0070486514(alk. paper) |
| 040 ## - CATALOGING SOURCE | |
| Transcribing agency | Nust |
| 082 00 - DEWEY DECIMAL CLASSIFICATION NUMBER | |
| Classification number | 621.3815,NEA |
| 100 1# - MAIN ENTRY--PERSONAL NAME | |
| Personal name | Neamen, Donald A. |
| 9 (RLIN) | 59734 |
| 245 10 - TITLE STATEMENT | |
| Title | Electronic circuit analysis and design / (Include CD) |
| Statement of responsibility, etc. | Donald A. Neamen. |
| 250 ## - EDITION STATEMENT | |
| Edition statement | 2nd ed. |
| 260 ## - PUBLICATION, DISTRIBUTION, ETC. | |
| Place of publication, distribution, etc. | Boston : |
| Name of publisher, distributor, etc. | McGraw-Hill, |
| Date of publication, distribution, etc. | c2001. |
| 300 ## - PHYSICAL DESCRIPTION | |
| Extent | xxx, 1232 p. : |
| Other physical details | ill. ; |
| Dimensions | 27 cm. + |
| Accompanying material | 1 computer laser optical disc (4 3/4 in). |
| 490 1# - SERIES STATEMENT | |
| Series statement | Electronics and VLSI circuits |
| 505 ## - FORMATTED CONTENTS NOTE | |
| Formatted contents note | Part 1: Semiconductor Devices and Basic Application (Page-1), Part :2 Analog Electronic (Page-519), Part 3: Digital Electronic (Page-1001), Part 4: Answers to Selected Problems (Page-1203). |
| 650 #0 - SUBJECT ADDED ENTRY--TOPICAL TERM | |
| Topical term or geographic name entry element | Telecommunication Engineering. |
| 651 ## - SUBJECT ADDED ENTRY--GEOGRAPHIC NAME | |
| Geographic name | (Include CD) |
| 9 (RLIN) | 8953 |
| 830 #0 - SERIES ADDED ENTRY--UNIFORM TITLE | |
| Uniform title | McGraw-Hill series in electrical and computer engineering. |
| 9 (RLIN) | 34577 |
| 942 ## - ADDED ENTRY ELEMENTS (KOHA) | |
| Koha item type | Reference |
| Source of classification or shelving scheme | |
| Withdrawn status | Lost status | Source of classification or shelving scheme | Damaged status | Not for loan | Permanent Location | Current Location | Shelving location | Date acquired | Full call number | Barcode | Date last seen | Price effective from | Koha item type | Public note |
|---|---|---|---|---|---|---|---|---|---|---|---|---|---|---|
| Military College of Signals (MCS) | Military College of Signals (MCS) | General Stacks | 12/12/2016 | 621.3815,NEA | MCS30257 | 12/08/2016 | 12/12/2016 | Book | Almirah No.33, Shelf No.3 |
